| 000 | 00410nam a2200133Ia 4500 | ||
|---|---|---|---|
| 008 | 220214s9999 xx 000 0 und d | ||
| 100 | _aGoncalves Paulo de Sousa | ||
| 245 | 0 | _aShortening of improvement and selection cycle for obtaining rubber cultivars (TRanslated from Portugese) | |
| 260 |
_bAgronomica _c1988 |
||
| 300 | _a112-130 | ||
| 700 | _aBortoleito Nelson | ||
| 700 | _aCardoso Mario | ||
| 942 | _cRE | ||
| 999 |
_c45945 _d45945 |
||